000 00700nam a22002297a 4500
005 20260401151709.0
008 260401b |||||||| |||| 00| 0 eng d
020 _a9788126537723
040 _cAL
041 _aEnglish
082 _a621.312
_bKITE
100 _aJames L Kirtley
_9260009
245 _aElectric power principles
_b: Sources conversion distribution and use
260 _aNew Delhi
_bWiley India Pvt Ltd
_c2010
300 _a391 p.
_bPB
_c23x18 cm.
365 _aVBI-2645
_b₹821.25
_c
_d₹1095.00
_e25%
_f20-02-2026
650 _aElectric
_9260010
650 _aAC Voltage
_9260011
650 _aTransmission lines
_9260012
650 _aTransformers
_9260013
942 _2ddc
_cBK
999 _c241104
_d241104